Efficiency and effectiveness of public expenditure on tertiary education in the EU /
Uložené v:
| Korporatívny autor: | |
|---|---|
| Médium: | Kniha |
| Jazyk: | English |
| Vydané: |
Luxembourg :
Office for Official Publications of the European Communities,
2010.
|
| Vydanie: | [1st ed.] |
| Edícia: | European economy Occasional Papers
70 |
| Témy: | |
| ISBN: |
9789279165474 (brož.) |
| Fyzický popis: |
105 s. : grafy, tab. ; 30 cm. |
| Tagy: |
Pridať tag
Žiadne tagy, Buďte prvý kto otaguje tento záznam!
|
Titul je dostupný aj v ... 

MARC
| LEADER | 00000nam a2200000 i 4500 | ||
|---|---|---|---|
| 001 | 000372913 | ||
| 005 | 20111013133007.0 | ||
| 008 | 100811s2010 lu dl g 000 0 eng d | ||
| 020 | |a 9789279165474 (brož.) | ||
| 040 | |a SVKKK |b slo |c SVKKK |e AACR2 | ||
| 041 | 0 | |a eng | |
| 043 | |a e------ | ||
| 044 | |a lu |c LU | ||
| 072 | 7 | |a 336.1/.5 |x Verejné financie |2 konspekt | |
| 080 | |a 336.5 |2 2001 | ||
| 080 | |a 377.4/.8 |2 2001 | ||
| 080 | |a (4) |2 2001 | ||
| 080 | |a (036) |2 2001 | ||
| 245 | 0 | 0 | |a Efficiency and effectiveness of public expenditure on tertiary education in the EU / |c joint report by the Economic Policy Committee (Quality of Public Finances) and the Directorate-General for Economic and Financial Affairs. |
| 250 | |a [1st ed.] | ||
| 260 | |a Luxembourg : |b Office for Official Publications of the European Communities, |c 2010. | ||
| 300 | |a 105 s. : |b grafy, tab. ; |c 30 cm. | ||
| 490 | 1 | |a European economy. |p Occasional Papers |v 70 | |
| 500 | |a Poznámky | ||
| 650 | 0 | 7 | |a verejné výdaje |2 SVKKKPH |
| 650 | 0 | 7 | |a ďalšie vzdelávanie |2 SVKKKPH |
| 651 | 7 | |a krajiny Európskej únie |2 SVKKKPH | |
| 655 | 7 | |a informačné publikácie |2 SVKKKPH | |
| 710 | 2 | |a European Commission |b Directorate-General for Economic and Financial Affairs | |
| 830 | 0 | |a European economy |p Occasional Papers |v 70 | |
| 910 | |a svkkk | ||
| 919 | |a 978-92-79-16547-4 | ||
| 998 | |a BK | ||
| 090 | |g SCKHL |k Sklad Hlavná 10 prízemie |a V.226250 |j 1029133 |i 2720241371 |s Absenčne | ||